Normal view
MARC view
- بميك، خبراء مركز الخبرات المهنية للادارة؛ المستشار العلمي عبدالرحمن توفيق
Entry Personal Name
001 - CONTROL NUMBER
- control field: 44139
003 - CONTROL NUMBER IDENTIFIER
- control field: JO-AjAnu
005 - DATE AND TIME OF LATEST TRANSACTION
- control field: 20230606081318.0
008 - FIXED-LENGTH DATA ELEMENTS
- fixed length control field: 230606|| aca||aabn | a|a d
040 ## - CATALOGING SOURCE
- Original cataloging agency: JO-AjAnu
- Transcribing agency: JO-AjAnu
100 ## - HEADING--PERSONAL NAME
- Personal name: بميك، خبراء مركز الخبرات المهنية للادارة؛ المستشار العلمي عبدالرحمن توفيق
670 ## - SOURCE DATA FOUND
- Source citation: Work cat.: (JO-AjAnu)22601: بميك، خبراء مركز الخبرات المهنية للادارة؛ المستشار العلمي عبدالرحمن توفيق, author, منهج المهارات المتخصصة :مهارات التفاوض واتمام العقود=Negotiation Skills &Contracting